Evolución del intervencionismo de Estados Unidos /
Gespeichert in:
| 1. Verfasser: | |
|---|---|
| Format: | Text |
| Tags: |
Tag hinzufügen
Keine Tags, Fügen Sie den ersten Tag hinzu!
|
MARC
| LEADER | 00000 a a2200000 04500 | ||
|---|---|---|---|
| 001 | 689 | ||
| 003 | |||
| 040 | |||
| 100 | |a Alexéeva, Tatiana | ||
| 245 | |a Evolución del intervencionismo de Estados Unidos / |c Tatiana Alexéeva | ||
| 773 | |g número 9; páginas4-14 | ||
| 999 | |c 21401 |d 21401 | ||
